Movies in the First Place Quiz Stats

 Plays Quiz Updated Aug 30, 2012

Challenge
Share
Tweet
Embed
Score 0/30 Timer 06:00
0 Plays Today
Firsts Movie % Correct
Johnny EdwardEdward Scissorhands
95.8%
Kevin DancesDances with Wolves
95.5%
Audrey BreakfastBreakfast at Tiffany's
89.8%
Gene Singin'Singin' in the Rain
87%
Jodie PanicPanic Room
85.2%
Drew 5050 First Dates
81.9%
James RebelRebel Without a Cause
78.8%
Tom JerryJerry Maguire
77.8%
Kate SenseSense and Sensibility
76.6%
Angelina GoneGone in Sixty Seconds
74.4%
Paul CoolCool Hand Luke
71.1%
Grace DialDial M for Murder
68.6%
Melanie WorkingWorking Girl
68.1%
Gwyneth GreatGreat Expectations
63.2%
Tom TurnerTurner & Hooch
60.4%
Firsts Movie % Correct
Warren DickDick Tracy
59.7%
George OO Brother, Where Art Thou?
58.9%
Woody NaturalNatural Born Killers
54.6%
Sean FastFast Times at Ridgemont High
53.2%
Gary HighHigh Noon
47.3%
Goldie FoulFoul Play
46.6%
Jack CarnalCarnal Knowledge
44.1%
John RoosterRooster Cogburn
41.1%
Dustin StrawStraw Dogs
40.8%
Bruce LiveLive Free or Die Hard
37.7%
Burt BirdmanBirdman of Alcatraz
37%
Steve DirtyDirty Rotten Scoundrels
35.6%
Robert BarefootBarefoot in the Park
32.8%
Kirk LustLust for Life
14.8%
Lauren ToTo Have and Have Not
10.9%

You're not logged in!

Compare scores with friends on all Sporcle quizzes.
Join for Free
OR
Log In

You Might Also Like...

Show Comments

Extras

Top Quizzes Today


Score Distribution

Your Account Isn't Verified!

In order to create a playlist on Sporcle, you need to verify the email address you used during registration. Go to your Sporcle Settings to finish the process.

Report this User

Report this user for behavior that violates our Community Guidelines.

Details: